ALLE Berge und Hügel der Schweiz - Statistiken

Allgemein
  • Dieses Quiz wurde 14 mal gespielt
  • Das Durchschnittsergebnis liegt bei 31 aus 1358
Antworten auf der Karte
Die Antworten werden auf der Karte rot bzw. grün angezeigt, abhängig davon wie oft sie richtig erraten wurden.
 
Antwortstatistiken
Gipfel / Hügel Höhe % Korrekt
Säntis 2502
90%
Dufourspitze 4633
80%
Eiger 3967
80%
Jungfrau 4158
80%
Matterhorn 4478
80%
Mönch 4110
80%
Rothorn 3278
60%
Brienzer Rothorn 2348
50%
Horn 647
50%
Uetliberg 870
50%
Finsteraarhorn 4274
40%
Schwarzhorn 2943 | 3107
40%
Chasseral 1607
30%
Dom 4546
30%
Gurten 858
30%
Hoher Kasten 1794
30%
Piz Bernina 4048
30%
Rigi Hoflue 1699
30%
Rigi Kulm 1797
30%
Rigi Scheidegg 1659
30%
Schilt 2299
30%
Schilthorn 2969
30%
Stockhorn 2190 | 3212 | 3532
30%
Titlis 3238
30%
Weisshorn 2653 | 4505
30%
Wetterhorn 3690
30%
Bachtel 1115
20%
Berg 563
20%
Bös Fulen 2801
20%
Bürgenstock 1128
20%
Doldenhorn 3638
20%
Egg 671 | 848
20%
Faulhorn 2680
20%
First 2184 | 2548
20%
Gross Kärpf 2794
20%
Gross Mythen 1898
20%
Hörnli 624 | 662 | 1133
20%
Irchel 695
20%
Kronberg 1663
20%
Lägern 866
20%
Le Chasseron 1607
20%
Le Moléson 2002
20%
Lindenberg 878
20%
Monte Brè 928
20%
Monte Generoso 1701
20%
Napf 1406
20%
Niederhorn 1964
20%
Pizol 2843
20%
Piz Palü 3899
20%
Ringelspitz 3247
20%
San Salvatore 913
20%
Schreckhorn 4078
20%
Wildstrubel 3244
20%
Adlisberg 701
10%
Agassizhorn 3947
10%
Aletschhorn 4194
10%
Allalinhorn 4027
10%
Alphubel 4203
10%
Altmann 2435
10%
Ärgischhoru 2525
10%
Augstbordhorn 2972
10%
Balmhorn 3690
10%
Bella Tola 3025
10%
Bietschhorn 3934
10%
Bishorn 4149
10%
Blüemlisalphorn 3660
10%
Breithorn 2599 | 3177 | 3437 | +3 others
10%
Brunegghorn 3831
10%
Brunnethorn 2950
10%
Bunderspitz 2546
10%
Chäserrugg 2261
10%
Combin de Grafeneire 4310
10%
Dammastock 3630
10%
Daubenhorn 2942
10%
Dent Blanche 4357
10%
Dent d'Hérens 4173
10%
Dunantspitze 4631
10%
Einigs Alichji 2769
10%
Elsighorn 2341
10%
Esel 2119
10%
Gäbris 1250
10%
Gamserrugg 2075
10%
Gantrisch 2176
10%
Geissberg 700
10%
Gletscherhorn 3982
10%
Glishorn 2525
10%
Groot 996
10%
Gross Windgällen 3187
10%
Gsür 2710
10%
Hagen 912
10%
Hinderrugg 2306
10%
Hochstuckli 1566
10%
Hogleifa 3276
10%
Homberg 782 | 898 | 968
10%
Hundwiler Höhi 1305
10%
Illhorn 2717
10%
Immenberg 707
10%
Jolimont 603
10%
Klein Matterhorn 3883
10%
Lagginhorn 4010
10%
Leistkamm 2101
10%
Les Diablons 3609
10%
Le Soliat 1464
10%
Liskamm Ostgipfel 4532
10%
Magerrain 2523
10%
Majinghorn 3053
10%
Männlichen 2342
10%
Mättenberg 3104
10%
Monte Lema 1620
10%
Monte Tamaro 1961
10%
Monte Zucchero 2735
10%
Mont Vully 653
10%
Munt la Schera 2586
10%
Nadelhorn 4327
10%
Nesthorn 3820
10%
Niesen 2362
10%
Oberaarhorn 3631
10%
Ortstock 2716
10%
Ottenberg 680
10%
Pfannenstiel 853
10%
Piz Cam 2634
10%
Piz Martegnas 2681
10%
Piz Morteratsch 3751
10%
Piz Nair 2951 | 3010 | 3055 | 3059
10%
Piz Ot 2757 | 3247
10%
Piz Roseg 3935
10%
Piz Zupò 3995
10%
Reeti 2757
10%
Rimpfischhorn 4199
10%
Rinderhorn 3449
10%
Schafberg 2239
10%
Schnebelhorn 1291
10%
Schwarzberg 2764
10%
Schwarzhoru 3201
10%
Signalhoru 2910
10%
Speer 1950
10%
Spitzmeilen 2501
10%
Stammerberg 633
10%
Stanserhorn 1898
10%
Sustenhorn 3502
10%
Torrenthorn 2998
10%
Ulmizberg 937
10%
Uri Rotstock 2929
10%
Üssers Barrhorn 3610
10%
Vorder Glärnisch 2328
10%
Vrenelisgärtli 2905
10%
Wannihorn 3116
10%
Weissmies 4011
10%
Wildhorn 3250
10%
Wildspitz 1580
10%
Wilerhorn 2005 | 3307
10%
Zinalrothorn 4221
10%
Äbni Flue 3960
0%
Adula 3402
0%
Aeugsterberg 829
0%
Ahorn 1140
0%
Aiguille d'Argentière 3894
0%
Aiguille de la Tsa 3667
0%
Aiguilles du Tour 3540
0%
Albristhore 2762
0%
Albristhubel 2124
0%
Albrunhorn 2885
0%
Allmen 1079
0%
Almagellerhorn 3327
0%
Älpeltispitz 2685
0%
Alperschällihora 3038
0%
Al Pilón 2192
0%
Al Pizz Cramalína 2322
0%
Al Pizz da Madèi 2551
0%
Al Pizz Porcarésc 2467
0%
Al Pizz Zücru 1899
0%
Alpjuhorn 3144
0%
Alpler Horn 2380
0%
Älplihora 3005
0%
Älpliseehorn 2725
0%
Alplistock 2894
0%
Al Róss da Ríbia 2541
0%
Altels 3630
0%
Alvier 2342
0%
Amselflua 2780
0%
Amselspitz 1491
0%
Aouille Tseuque 3554
0%
Ärmighore 2742
0%
Arnehore 2211
0%
Aroser Rothorn 2980
0%
Arpelistock 3036
0%
Ättenberg 1615
0%
Augstenberg 3230
0%
Augstmatthorn 2136
0%
Aula 1417
0%
Äusser Rothorn 3147
0%
Axalphoren 2321
0%
Bächistock 2915
0%
Bächlistock 3246
0%
Bäderhore 2009
0%
Badus 2928
0%
Balfrin 3795
0%
Balmahorn 2869
0%
Balmeregghoren 2255
0%
Bälmeten 2415
0%
Bantiger 947
0%
Bärahora 2928
0%
Bärglistock 3655
0%
Basòdino 3273
0%
Bättlihorn 2951
0%
Becca d'Audon 3123
0%
Becca de Corbassière 2690
0%
Bec de la Montau 2854
0%
Bec des Rosses 3222
0%
Becs de Bosson 3149
0%
Beichle 1769
0%
Belche 527
0%
Bella Lui 2548
0%
Benkner Büchel 605
0%
Beretenchopf 1106
0%
Bietenhorn 2756
0%
Bifertenstock 3418
0%
Birghorn 3243
0%
Blasenfluh 1118
0%
Bläss-Chopf 1459
0%
Blattaberg 3041
0%
Blaueberg 837
0%
Blinnenhorn 3374
0%
Bluttlighore 2323
0%
Bocktehora 3043
0%
Bölcheflue 1099
0%
Born 719
0%
Bortelhorn 3193
0%
Bösentrift 3248
0%
Böshorn 3269
0%
Brichlig 2964
0%
Bristen 3073
0%
Brudelhorn 2791
0%
Brünberg 2982
0%
Brünnelistock 2133
0%
Brunnistock 2952
0%
Bruschghorn 3055
0%
Buechberg 630
0%
Buechhoger 655
0%
Büelehora 2513
0%
Büelhöchi 984
0%
Bündihore 2454
0%
Bündner Vorab 3026
0%
Buochserhorn 1807
0%
Burgflue 935
0%
Burgihorn 3071
0%
Bürglen 915
0%
Bürkelkopf 3031
0%
Bütschelegg 1056
0%
Bützistock 2496
0%
Camoghè 2228
0%
Camoscellahorn 2612
0%
Cape au Moine 1941
0%
Casanna 2557
0%
Castor 4223
0%
Catogne 2598
0%
Cavistrau Grond 3251
0%
Chaiserstock 1425 | 2515
0%
Challhöchi 805
0%
Chamerstock 2123
0%
Chapf 1096
0%
Charenstock 2421
0%
Chastelhorn 2973
0%
Chaumont 1180
0%
Chavagl Grond 2443
0%
Ché de Mareinda 2903
0%
Cheibehore 1952
0%
Chellihorn 2934
0%
Chemispitz 1814
0%
Ché Riond 2026
0%
Chessler 2836
0%
Chiemen 602
0%
Chilchalphorn 3039
0%
Chingstuel 2120
0%
Chistastein 2473
0%
Chistehorn 2787
0%
Chli Furkahorn 3026
0%
Chlingenstock 1935
0%
Chli Ruchen 2945
0%
Chli Spannort 3136
0%
Cholfirst 580
0%
Chomberg 644
0%
Chöpfenberg 1895
0%
Chörblispitz 2103
0%
Chrachehore 2891
0%
Chrüz 2195
0%
Chrüzegg 1314
0%
Chrüzflue 1266
0%
Chüealphora 3077
0%
Chüebodenhorn 3070
0%
Chüenihorn 2412
0%
Chüpfenflua 2656
0%
Chutze 893
0%
Cima Bianca 2612
0%
Cima Cioltro 1846
0%
Cima dal Cantun 3353
0%
Cima da li Gandi Rossi 2831
0%
Cima de Barna 2860
0%
Cima de Cogn 3062
0%
Cima de Gagela 2806
0%
Cima della Bondasca 3288
0%
Cima dell'Uomo 2390
0%
Cima del Rosso 2624
0%
Cima del Serraglio 2684
0%
Cima del Stagn 2382
0%
Cima di Bri 2521
0%
Cima di Broglio 2385
0%
Cima di Castello 3378
0%
Cima di Fojorina 1810
0%
Cima di Gagnone 2518
0%
Cima di Gana Bianca 2843
0%
Cima di Jazzi 3789
0%
Cima di Medeglia 1260
0%
Cima di Piancabella 2670
0%
Cima di Pinadee 2486
0%
Cima di Rosso 3365
0%
Cima di Sassello 1899
0%
Cima Rossa 3161
0%
Cimetta 1672
0%
Clariden 3267
0%
Combin de Boveire 3663
0%
Combin de Corbassière 3715
0%
Corn da Camp 3232
0%
Corn da Mürasciola 2818
0%
Corne de Sorebois 2895
0%
Corno Campascio 2808
0%
Corno di Gesero 2227
0%
Corona di Redòrta 2804
0%
Crap Grisch 2862
0%
Crap Masegn 2516
0%
Crap Mats 2946
0%
Crasta Mora 2952
0%
Crêta de Velle 2519
0%
Crêt de la Neuve 1494
0%
Crêt du Cervelet 1293
0%
Cristallina 2912
0%
Culan 2789
0%
Cunggel 2413
0%
Dent de Barme 2759
0%
Dent de Brenleire 2354
0%
Dent de Broc 1829
0%
Dent de Combette 2082
0%
Dent de Corjon 1967
0%
Dent de Lys 2014
0%
Dent de Nendaz 2463
0%
Dent de Ruth 2236
0%
Dent de Valère 2267
0%
Dent de Vaulion 1483
0%
Dent de Vounetse 1813
0%
Dent du Bourgo 1909
0%
Dent du Perroc 3676
0%
Dent du Salentin 2483
0%
Dents de Bertol 3546
0%
Diechterhoren 3388
0%
Diepoldshusenegg 937
0%
Diethelm 2099
0%
Dirruhorn 4035
0%
Distelhorn 2830
0%
Drättehore 2794
0%
Dreieckhorn 3811
0%
Dreiländerspitz 3197
0%
Dreispitz 2520
0%
Druesberg 2282
0%
Drusenfluh 2827
0%
Dündehore 2861
0%
Eggishorn 2927
0%
Einshorn 2943
0%
El Madómm 2039
0%
El Ponción dal Vènn 2477
0%
El Ponción Piòta 2439
0%
El Ponción Söü 2506
0%
El Tròsa 1869
0%
Engelberger Rotstock 2818
0%
Erlose 811
0%
Eschenberg 592
0%
Escherhorn 3078
0%
Etzel 1097
0%
Ewigschneehoren 3330
0%
Fahnenstock 2611
0%
Fähnerenspitz 1506
0%
Falknisspitz 2562
0%
Fanellhorn 3123
0%
Fanenstock 2237
0%
Färichhorn 3292
0%
Farnere 1572
0%
Farnerehubel 783
0%
Farnli-Esel 1383
0%
Federispitz 1865
0%
Felsberger Calanda 2695
0%
Ferdenrothorn 3180
0%
Festihorn 3092
0%
Fibbia 2739
0%
Fiescher Gabelhorn 3876
0%
Firstspitz 1624
0%
Fitzer 2464
0%
Fläschenspitz 2073
0%
Fleckistock 3417
0%
Fletschhoru 3985
0%
Fluchthorn 3397
0%
Flüela Wisshorn 3085
0%
Fontanabran 2703
0%
Foostock 2610
0%
Frilihorn 3145
0%
Fromberghore 2394
0%
Fronalpstock 1921 | 2124
0%
Fründehorn 3368
0%
Frunthorn 3030
0%
Ful Berg 2395
0%
Fülhorn 2736
0%
Fulhorn 2528
0%
Fünffingersteck 2993
0%
Furggegütsch 2197
0%
Furggelenstock 1656
0%
Furggeltihorn 3043
0%
Furggespitz 2297
0%
Furggubäumhorn 2985
0%
Furggwanghorn 3162
0%
Fürstei 2040
0%
Gaitechopf 1134
0%
Galehorn 2797
0%
Galenstock 3586
0%
Gallouwisteck 2869
0%
Gamidaurspitz 2309
0%
Gampisch 1889
0%
Gamsberg 2385
0%
Gämsfairenstock 2972
0%
Gandstock 2315
0%
Garda Bordon 3310
0%
Gärsthorn 2927
0%
Gatschieferspitz 2675
0%
Gazzirola 2115
0%
Gehrihore 2130
0%
Geissflue 963
0%
Geissgratflue 1332
0%
Geisshorn 3740
0%
Gemmenalphorn 2061
0%
Gemsstock 2962
0%
Génepi 2882
0%
Gibidum 2317
0%
Giebelegg 1133
0%
Giferspitz 2542
0%
Giglistock 2898
0%
Gisliflue 772
0%
Gitschen 2513
0%
Glarner Vorab 3017
0%
Glatten 2505
0%
Glattwang 2376
0%
Glegghorn 2446
0%
Gletscher Dukan 3019
0%
Glogghüs 2534
0%
Gnepfstein 1917
0%
Gobba di Rollin 3900
0%
Golterberg 1175
0%
Gonzen 1830
0%
Gradicciòli 1936
0%
Gräfimattstand 2049
0%
Graitery 1280
0%
Grand Chavalard 2901
0%
Grand Cornier 3961
0%
Grande Dent de Morcles 2969
0%
Grande Dent du Veisivi 3419
0%
Grande Pointe des Planereuses 3151
0%
Grande Roche 851
0%
Grande Tête de By 3588
0%
Grand Golliat 3237
0%
Grand Muveran 3051
0%
Grand Perron 2673
0%
Grand Ruan 3057
0%
Grand Sommartel 1337
0%
Grand Tavé 3158
0%
Greberegg 1596
0%
Gridone 2187
0%
Grieshorn 2967
0%
Gros Brun 2104
0%
Gross Aubrig 1695
0%
Gross Düssi 3256
0%
Grosser Güslen 1843
0%
Grosses Engelhorn 2781
0%
Grosses Fiescherhorn 4049
0%
Grosses Fillarhorn 3664
0%
Grosses Fülhorn 2677
0%
Grosses Fusshorn 3627
0%
Grosses Gelmerhorn 2630
0%
Grosses Grünhorn 4043
0%
Grosses Schinhorn 2938
0%
Grosses Wannenhorn 3906
0%
Gross Fulfirst 2383
0%
Gross Furkahorn 3168
0%
Grosshora 2780
0%
Grosshorn 3754
0%
Gross Läckihorn 3068
0%
Gross Muttenhorn 3099
0%
Gross Ruchen 3137
0%
Gross Schärhorn 3296
0%
Gross Schiahora 2709
0%
Gross Seehorn 3121
0%
Gross Spannort 3198
0%
Gross Wendestock 3042
0%
Grübelekopf 2893
0%
Gschwändstock 1616
0%
Gspaltenhorn 3436
0%
Gufelstock 2435
0%
Güferhorn 3379
0%
Guggernell 2744
0%
Guggernüll 2886
0%
Guggershorn 1283
0%
Guggilihorn 2351
0%
Gulderturm 2519
0%
Guli 2355
0%
Gumihorn 2099
0%
Gummfluh 2458
0%
Güpfi 2043
0%
Guraletschhorn 2908
0%
Gürgaletsch 2441
0%
Guscha 2141
0%
Hächle 2091
0%
Hagelstock 2181
0%
Haglere 1948
0%
Hahnen 2607
0%
Haldensteiner Calanda 2805
0%
Hanen 2015
0%
Hangendgletscherhorn 3294
0%
Hangsackgrat 2634
0%
Hängst 2092
0%
Hasenmatt 1445
0%
Hausstock 3158
0%
Haut de Cry 2969
0%
Haut du Mollendruz 1440
0%
Haute Cime 3257
0%
Haute Pointe 2422
0%
Haut Sé 1961
0%
Heitersberg 788
0%
Heitihubel 1556
0%
Heitlistock 2146
0%
Heji Zwächte 3086
0%
Helsenhorn 3273
0%
Hienderstock 3307
0%
Hiendertelltihoren 3180
0%
Hillehorn 3180
0%
Hindere Spitz 2079
0%
Hinderfallenchopf 1531
0%
Hinderi Egg 1168
0%
Hinderi Spillgerte 2476
0%
Hinter Griessstock 2733
0%
Hinter Schloss 3133
0%
Hinter Selbsanft 3029
0%
Hinter Tierberg 3446
0%
Hirnichopf 1027
0%
Hochalp 1530
0%
Hochänzi 1368
0%
Hoch Dukan 3063
0%
Hochfinsler 2422
0%
Hoch Fulen 2506
0%
Hoch Geissberg 2396
0%
Höch Gumme 2204
0%
Hochhamm 1275
0%
Hoch Horenfellistock 3175
0%
Höchi Honegg 1549
0%
Hochmatt 2152
0%
Hochstollen 2480
0%
Höch Turen 2666
0%
Hochwacht 788
0%
Hochwang 2532
0%
Höch Windgällen 2764
0%
Hockenhorn 3293
0%
Hohberghorn 3004
0%
Hoh Brisen 2413
0%
Hohe Winde 1205
0%
Höhronen 1229
0%
Hohsandhorn 3182
0%
Hohwacht 781 | 1035
0%
Höji Sulegg 2413
0%
Holzjihorn 2987
0%
Homad 2076
0%
Horetube 1994
0%
Hornbachegg 1023
0%
Hornegg 1225
0%
Hübschhorn 3192
0%
Huetstock 2676
0%
Hunds-Chnubel 1690
0%
Hundshore 2929
0%
Hünggigütsch 1040
0%
Hüreli 2444 | 2854
0%
Hüttchopf 1232
0%
Il Chapütschin 3388
0%
Il Madone 2756
0%
Innere Fisistock 2788
0%
Inner Füürberg 2627
0%
I Rodond 2829
0%
Isentällispitz 2985
0%
Jägerhorn 3970
0%
Jägglisch Hora 2289
0%
Jakobiger 2505
0%
Jakobshora 2590
0%
Jänzi 1738
0%
Jatzhora 2681
0%
Jazzihorn 3227
0%
Jegihorn 3079 | 3206
0%
Kaiseregg 2185
0%
Kapberg 1442
0%
Kastelhorn 3128
0%
Klosterspitz 1326
0%
Köbelberg 1088
0%
Krönten 3108
0%
Laaxer Stöckli 2899
0%
La Barillette 1528
0%
La Berra 1719
0%
La Bianca 2893
0%
La Breya 2374
0%
La Cassorte 3301
0%
La Combert 1082
0%
La Dôle 1677
0%
La Fava 2612
0%
La Luette 3548
0%
La Maya 2916
0%
Lammenhorn 3190
0%
Lang Randen 900
0%
La Palantse de la Cretta 2929
0%
La Pare 2540
0%
La Patta 1616
0%
La Rosablanche 3336
0%
La Ruinette 3875
0%
La Singla 3714
0%
Latelhorn 3201
0%
La Tsavre 2977
0%
Laupersdörfer Stierenberg 1090
0%
Lauteraarhorn 4042
0%
Lauteraarrothörner 3477
0%
Le Besso 3669
0%
Le Chamossaire 2113
0%
Le Châtelet 2538
0%
Le Cheval Blanc 2831
0%
Le Crêt du Midi 2333
0%
Le Gibloux 1206
0%
Le Grammont 2172
0%
Leiterli 2001
0%
Leiterspitzen 3409
0%
Le Luisin 2786
0%
Le Métailler 3213
0%
Le Molard 1752
0%
Le Mont de la Gouille 3212
0%
Le Mourin 2766
0%
Le Noirmont 1567
0%
Lenzer Horn 2905
0%
Le Parrain 3259
0%
Le Petit Vélan 3223
0%
Le Pleureur 3704
0%
Le Portalet 3344
0%
Le Rubli 2284
0%
Les Alpettes 1413
0%
Les Cornettes de Bise 2432
0%
Le Sérac 2817
0%
Le Signal 1245
0%
Les Monts Telliers 2951
0%
Le Sommet des Diablerets 3216
0%
Les Pléiades 1362
0%
Les Trois Frères 3259
0%
Le Suchet 1588
0%
Le Vanil des Cours 1562
0%
L'Evêque 3716
0%
Linleu 2094
0%
Lisiberg 973
0%
Löffelhorn 3096
0%
Lorenzhorn 3048
0%
Loucherhorn 2232
0%
Louwenehore 2477
0%
Lueg 888
0%
Madom da Sgióf 2265
0%
Madom Gröss 2741
0%
Madone di Càmedo 2446
0%
Madrisahorn 2826
0%
Mährenhorn 2924
0%
Malatraix 1767
0%
Männliflue 2652
0%
Marchhorn 2962
0%
Marchzähne 1995
0%
Märe 2091
0%
Margelchopf 2164
0%
Marmontana 2315
0%
Marscholhorn 2963
0%
Masnàn 2505
0%
Matro 2172
0%
Mattjisch Horn 2461
0%
Mattro 1201
0%
Mattstogg 1935
0%
Mattwaldhorn 3249
0%
Merezebachschije 3181
0%
Mettelhorn 3405
0%
Mittaghore 2686
0%
Mittaghorn 2562 | 3143 | 3158 | 3890
0%
Mittagstock 2988
0%
Mittler Gärstenhorn 3184
0%
Mont à Cavouère 2612
0%
Mont Aubert 1339
0%
Mont Avril 3347
0%
Mont Blanc de Cheilon 3870
0%
Mont Blâva 2935
0%
Mont Bonvin 2995
0%
Mont Brenin 1278
0%
Mont Brulé 3571
0%
Mont Brûlé 2572
0%
Mont Brun 2924
0%
Mont Chaubert 1082
0%
Mont Collon 3637
0%
Mont d'Amin 1417
0%
Mont de l'Arpille 2085
0%
Mont de l'Etoile 3369
0%
Mont Dolent 3819
0%
Mont d'Or 2175
0%
Monte Bar 1816
0%
Monte Bigorio 1189
0%
Monte Boglia 1516
0%
Monte del Forno 3213
0%
Monte Gambarogno 1734
0%
Monte Leone 3553
0%
Monte Magno 1636
0%
Monte Moro 2985
0%
Monte San Giorgio 1097
0%
Monte Sissone 3329
0%
Mont Fort 3329
0%
Mont Gelé 3023 | 3518
0%
Mont Gond 2669 | 2710
0%
Mont Miné 2913
0%
Mont Noble 2672
0%
Montoz 1329
0%
Mont Pelé 1534
0%
Mont Pèlerin 1079
0%
Mont Racine 1439
0%
Mont Raimeux 1302
0%
Mont Rogneux 3084
0%
Mont Rouge 2490
0%
Mont Sâla 1511
0%
Mont-Soleil 1291
0%
Mont Sujet 1382
0%
Mont Tendre 1679
0%
Mont Terri 805
0%
Mont Vélan 3720
0%
Mont Vuarat 984
0%
Morgartenberg 1243
0%
Morgenberghorn 2249
0%
Moron 1336
0%
Mot San Jon 2442
0%
Motta Palousa 2143
0%
Motta Vallac 1376
0%
Motto della Tappa 2078
0%
Muchetta 2623
0%
Munt Cotschen 3104
0%
Munt Pers 3207
0%
Muttenstock 3089
0%
Mutteristock 2295
0%
Mutthorn 3037
0%
Muttler 3295
0%
Muttner Hehi 2002
0%
Muttner Hora 2394
0%
Naafkopf 2570
0%
Niderbauen Chulm 1923
0%
Niderhore 2078
0%
Niesehore 2776
0%
Niremont 1514
0%
Nüenkamm 1904
0%
Nufenenstock 2865
0%
Nüsellstock 1478
0%
Oberaarrothorn 3477
0%
Oberalpstock 3328
0%
Oberbauenstock 2117
0%
Obere Gurnigel 1548
0%
Ober Gabelhorn 4063
0%
Oberrothorn 3414
0%
Ober Scheidegg 1249
0%
Ochse 2188
0%
Ochsehorn 2913
0%
Ofenhorn 3235
0%
Öhrlikopf 2193
0%
Olmenhorn 3314
0%
Oltschiburg 2234
0%
Pala da Tgiern 2279
0%
Paraid Naira 3014
0%
Parpaner Rothorn 2861
0%
Petit Bouquetin 3670
0%
Petit Combin 3662
0%
Petit Mont Collon 3556
0%
Petit Muveran 2811
0%
Pfannenstock 2572
0%
Pfiffer 1316
0%
Pfiiffegg 1278
0%
Pfulwe 3314
0%
Pfyffe 1665
0%
Pic Chaussy 2351
0%
Pic d'Artsinol 2997
0%
Pierre Avoi 2474
0%
Piet 1965
0%
Pigne d'Arolla 3779
0%
Pigne de la Lé 3396
0%
Pischahorn 2980
0%
Piz Ajüz 2754 | 2787
0%
Piz Albris 3165
0%
Piz Alpetta 2764 | 2844
0%
Piz Alv 2769
0%
Piz Arblatsch 3200
0%
Piz Argient 3943
0%
Piz Arina 2827
0%
Piz Arlos 2696
0%
Piz Arpschella 3031
0%
Piz Aul 3121
0%
Piz Ault 3027
0%
Piz Avat 2910
0%
Piz Bacun 3244
0%
Piz Bever 3229
0%
Piz Beverin 2997
0%
Piz Bial 3060
0%
Piz Blas 3019
0%
Piz Bleis Marscha 3128
0%
Piz Bles 3045
0%
Piz Boval 3353
0%
Piz Buin Grond 3312
0%
Piz Caciabela Nord 2979
0%
Piz Calderas 3396
0%
Piz Cambrena 3606
0%
Piz Canal 2846
0%
Piz Cancian 3102
0%
Piz Cänt dal Gerl 2948
0%
Piz Caschleglia 2935
0%
Piz Cassimoi 3128
0%
Piz Cavel 2945
0%
Piz Cavradi 2614
0%
Piz Cazarauls 3062
0%
Piz Chalchagn 3154
0%
Piz Champatsch 2919 | 2957
0%
Piz Chapisun 2931
0%
Piz Chaschauna 3070
0%
Piz Chavalatsch 2762
0%
Piz Combul 2900
0%
Piz Corbet 3024
0%
Piz Corvatsch 3451
0%
Piz Costainas 3004
0%
Piz Cotschen 3025 | 3030
0%
Piz Cristanas 3091
0%
Piz Curvér 2972
0%
Piz Dado 2698
0%
Piz d'Agnel 3204
0%
Piz Daint 2968
0%
Piz da l'Acqua 3124
0%
Piz da la Margna 3158
0%
Piz da las Clavigliadas 2983
0%
Piz dal Diavel 3061
0%
Piz dal Fuorn 2907
0%
Piz dal Ras 3028
0%
Piz dal Teo 3047
0%
Piz d'Arpiglias 3026
0%
Piz Davo Lais 3026
0%
Piz de Cressim 2575
0%
Piz de Groven 2694
0%
Piz de la Lumbreida 2982
0%
Piz della Forcola 2673
0%
Piz d'Emmat Dadaint 2929
0%
Piz de Molinera 2288
0%
Piz de Mucia 2967
0%
Piz d'Err 3377
0%
Piz d'Esan 3127
0%
Piz de Setag 2476
0%
Piz de Strega 2911
0%
Piz de Trescolmen 2582
0%
Piz di Pian 3157
0%
Piz di Renten 2000
0%
Piz Duan 3135
0%
Piz Ela 3338
0%
Piz Fedoz 3192
0%
Piz Fess 2880
0%
Piz Fliana 3281
0%
Piz Fora 3363
0%
Piz Foraz 3092
0%
Piz Forbesch 3262
0%
Piz Forun 3052
0%
Piz Fourun 2931
0%
Piz Galagiun 3107
0%
Piz Gannaretsch 3040
0%
Piz Glüschaint 3594
0%
Piz Gren 2890
0%
Piz Grevasalvas 2931
0%
Piz Griatschouls 2971
0%
Piz Grisch 3059
0%
Piz Güglia 3380
0%
Piz Jenatsch 3251
0%
Piz Kesch 3417
0%
Piz Lad 2807 | 2882
0%
Piz Lagalb 2959
0%
Piz Lagrev 3164
0%
Piz Languard 3262
0%
Piz Laschadurella 3046
0%
Piz la Stretta 3103
0%
Piz la Tschera 2627
0%
Piz Lavetscha 2788
0%
Piz Lavirun 3058
0%
Piz Linard 3410
0%
Piz Lischana 3105
0%
Piz Lunghin 2780
0%
Piz Macun 2889
0%
Piz Madlain 3098
0%
Piz Máler 2790
0%
Piz Malmurainza 3038
0%
Piz Medel 3209
0%
Piz Mez 2717
0%
Piz Mezdi 2883
0%
Piz Mezzaun 2963
0%
Piz Miez 2835
0%
Piz Mingèr 3113
0%
Piz Minor 3049
0%
Piz Minschun 3067
0%
Piz Minschuns 2934
0%
Piz Mitgel 3158
0%
Piz Motnair 2731
0%
Piz Muet 2670
0%
Piz Mundaun 2064
0%
Piz Mundin 3146
0%
Piz Muraun 2897
0%
Piz Murtaröl 3180
0%
Piz Murtera 3043
0%
Piz Murtiröl 2660
0%
Piz Nadels 2789
0%
Piz Neir 2909
0%
Piz Ner 2858
0%
Piz Nuna 3124
0%
Piz Palpuogna 2730
0%
Piz Paradisin 3303
0%
Piz Pazzola 2581
0%
Piz Pian Grand 2689
0%
Piz Piot 3052
0%
Piz Pisoc 3174
0%
Piz Platta 3391
0%
Piz Plavna Dadaint 3166
0%
Piz Pombi 2967
0%
Piz Prüna 3152
0%
Piz Quattervals 3164
0%
Piz Radönt 3064
0%
Piz Radun 2581
0%
Piz Raschil 2574
0%
Piz Ravetsch 3006
0%
Piz Riein 2762
0%
Piz Rims 2773
0%
Piz Rondadura 3016
0%
Piz Rosatsch 3121
0%
Piz Roz 3097
0%
Piz Rugnux 2890
0%
Piz Russein 3612
0%
Piz Salatschina 2826
0%
Piz Saliente 3048
0%
Piz Sareggio 2779
0%
Piz Sarsura 3176
0%
Piz Scalotta 2991
0%
Piz Scalottas 2324
0%
Piz Scerscen 3970
0%
Piz S-chalambert Dadaint 3029
0%
Piz Scharboda 3122
0%
Piz Schumbraida 3124
0%
Piz Segnas 3098
0%
Piz Sella 3506
0%
Piz Sena 3075
0%
Piz Serenastga 2874
0%
Piz Serra 3095
0%
Piz Sesvenna 3204
0%
Piz Sezner 2309
0%
Piz Spadla 2912
0%
Piz Stabiuch 2177
0%
Piz Starlex 3074
0%
Piz Surlej 3188
0%
Piz Sursass 2911
0%
Piz Tasna 3179
0%
Piz Tavrü 3167
0%
Piz Tea Fondada 3144
0%
Piz Terri 3149
0%
Piz Terza 2685 | 2908
0%
Piz Timun 3211
0%
Piz Titschal 2549
0%
Piz Toissa 2656
0%
Piz Tomül 2945
0%
Piz Tremoggia 3441
0%
Piz Trevisina 2823
0%
Piz Tschütta 3254
0%
Piz Turettas 2963
0%
Piz Uccello 2724
0%
Piz Üertsch 3267
0%
Piz Uffiern 3150
0%
Piz Umbrail 3033
0%
Piz Urlaun 3358
0%
Piz Vadret 3199 | 3228
0%
Piz Val Müra 3164
0%
Piz Varuna 3453
0%
Piz Vaüglia 2974
0%
Piz Vial 3168
0%
Piz Viluoch 3041
0%
Piz Vizan 2470
0%
Pizzi dei Vanni 2774
0%
Pizzo Alzasca 2262
0%
Pizzo Badile 3309
0%
Pizzo Barone 2864
0%
Pizzo Bìela 2863
0%
Pizzo Bombögn 2331
0%
Pizzo Campanile 2458
0%
Pizzo Campolungo 2713
0%
Pizzo Campo Tencia 3071
0%
Pizzo Castello 2807
0%
Pizzo Cengalo 3369
0%
Pizzo Centrale 2999
0%
Pizzo d'Andolla 3656
0%
Pizzo dell'Alpe Gelato 2617
0%
Pizzo delle Pecore 2381
0%
Pizzo dell'Uomo 2663
0%
Pizzo del Sole 2773
0%
Pizzo del Torto 2722
0%
Pizzo di Brünèsc 2429
0%
Pizzo di Cadrèigh 2510
0%
Pizzo di Campedell 2724
0%
Pizzo di Campello 2660
0%
Pizzo di Claro 2727
0%
Pizzo di Röd 2699
0%
Pizzo di Vogorno 2442
0%
Pizzo d'Orsalía 2664
0%
Pizzo d'Orsalietta 2475
0%
Pizzo Erra 2416
0%
Pizzo Fiorèra 2922
0%
Pizzo Forno 2907
0%
Pizzo Gallina 3060
0%
Pizzo Leone 1659
0%
Pizzo Lucendro 2963
0%
Pizzo Magn 2329
0%
Pizzo Malora 2640
0%
Pizzo Marumo 2791
0%
Pizzo Mascarpino 2452
0%
Pizzo Massari 2760
0%
Pizzo Molare 2585
0%
Pizzo Muncréch 2251
0%
Pizzo Peloso 2064
0%
Pizzo Predèlp 2585
0%
Pizzo Quadro 2793
0%
Pizzo Ricuca 2282
0%
Pizzo Rotondo 3191
0%
Pizzo Ruscada 2004
0%
Pizzo Solögna 2697
0%
Pizzo Stella 2688
0%
Pizzo Straciugo 2713
0%
Pizzo Tambo 3280
0%
Pizzo Taneda 2667
0%
Planggenstock 1675
0%
Pletschuhorn 2750
0%
Pointe d'Arpitetta 3133
0%
Pointe d'Aveneyre 2027
0%
Pointe de Barasson 2963
0%
Pointe de Bellevue 2042
0%
Pointe de Bricola 3657
0%
Pointe de Chésery 2251
0%
Pointe de Drône 2949
0%
Pointe de l'Au 2152
0%
Pointe de la Vouasson 3490
0%
Pointe des Savolaires 2294
0%
Pointe de Tourtemagne 3082
0%
Pointe de Zinal 3790
0%
Pointe d'Orny 3272
0%
Pointe d'Otemma 3403
0%
Pointe du Tsaté 3078
0%
Pointe Ronde 2655
0%
Pointe Sud du Brenay 3672
0%
Poncion di Fracion 3202
0%
Poncione d'Alnasca 2301
0%
Poncione d'Arzo 1017
0%
Poncione dei Laghetti 2617
0%
Poncione della Marcia 2455
0%
Poncione di Braga 2864
0%
Poncione di Valleggia 2872
0%
Poncione di Vespero 2718
0%
Poncione Piancascia 2360
0%
Poncione Pro do Rodùc 2507
0%
Prabé 2042
0%
Pra de Cray 2197
0%
Präzer Höhi 2120
0%
Prodkamm 2006
0%
Punta Nera 3027
0%
Punta Valgrande 2856
0%
Rächtenberg 788
0%
Radlefshoren 2603
0%
Rämisgummehoger 1301
0%
Rasiva 2684
0%
Rätschahorn 2703
0%
Rautispitz 2283
0%
Regelstein 1315
0%
Regitzer Spitz 1136
0%
Rienzenstock 2962
0%
Rigidalstock 2593
0%
Rinderweidhoren 1317
0%
Rinerhora 2528
0%
Risetestock 1759
0%
Risihorn 2876
0%
Ritzihorn 2892
0%
Ritzlihoren 3277
0%
Roc d'Orzival 2854
0%
Rocher du Midi 2097
0%
Rochers de Naye 2042
0%
Roggenflue 998
0%
Roggenhorn 2890
0%
Rohrbachstei 2950
0%
Rooterberg 840
0%
Rophaien 2078
0%
Rossbodenstock 2837
0%
Rossstock 2461
0%
Roteflue 2296
0%
Rotenegg 1890
0%
Rothore 2275
0%
Röti 1395
0%
Rötihore 2281
0%
Rotsandnollen 2700
0%
Ruchen 2440 | 2901
0%
Ruchi 3105
0%
Ruchstock 2813
0%
Rüttelhorn 1193
0%
Saashörner-Südgipfel 3039
0%
Sackhorn 3204
0%
Salbitschijen 2986
0%
Salmone 1560
0%
Sandhubel 2763
0%
Sarotlaspitz 2565
0%
Sassalb 2862
0%
Sassauna 2307
0%
Sass Castel 2516
0%
Sasseneire 3254
0%
Sasso Grande 1490
0%
Sass Paia 2593
0%
Sattelhorn 3744
0%
Sazmartinshorn 2826
0%
Schafharnisch 2110
0%
Schäfler 1925
0%
Schafmatt 1979
0%
Schafnase 2011
0%
Schafschijen 2853
0%
Schalihorn 3974
0%
Schattig Wichel 3096
0%
Schauenberg 890
0%
Schenadüi 2746
0%
Scherbadung 3210
0%
Schesaplana 2965
0%
Scheuchzerhorn 3455
0%
Schiahorn 2637
0%
Schibegütsch 2037
0%
Schijen 2259
0%
Schijenflue 2626
0%
Schijenstock 2419
0%
Schildflue 2887
0%
Schimberig 1817
0%
Schinhorn 3796
0%
Schluchhore 2582
0%
Schlüechtli 2283
0%
Schneehore 3180
0%
Schnidehore 2937
0%
Schönbüel 2012
0%
Schwalmere 2777
0%
Schwalmis 2246
0%
Schwandenegg 952
0%
Schwarzberghorn 3610
0%
Schwarzhora 3146
0%
Schwarzhoren 2927
0%
Schwarzmönch 2648
0%
Schwyberg 1645
0%
Scima da Saoseo 3262
0%
Sciora Dadent 3274
0%
Sciora Dafora 3167
0%
Scopi 3190
0%
Sé Carro 2092
0%
Sé des Molettes 2798
0%
Seehorn 2437
0%
Seetalhorn 3036
0%
Seewlehore 2468
0%
Selibüel 1750
0%
Sé Noir 2731
0%
Sentischhora 2827
0%
Sé Pê 2377
0%
Sé Rouge 2893
0%
Setzehorn 3061
0%
Sex Rouge 2972
0%
Sidelhoren 2764
0%
Sighignola 1314
0%
Signal du Lessy 1388
0%
Signalkuppe 4554
0%
Sigriswiler Rothorn 2051
0%
Silberen 2318
0%
Silberhorn 3690
0%
Silvrettahorn 3243
0%
Six Blanc 2445
0%
Sommersberg 1178
0%
Sonneberg 800
0%
Sonnighorn 3488
0%
Sosto 2221
0%
Sparrhoru 3020
0%
Sparruhorn 2988
0%
Spechhorn 3189
0%
Spitzhore 2807
0%
Spitzhorli 2736
0%
Stadlerberg 638
0%
Stäghore 3147
0%
Stand 1939
0%
Stauberenkanzel 1860
0%
Stei 2171
0%
Steigrat 1521
0%
Steinhüshoren 3120
0%
Steinlouwihorn 3161
0%
Stelli 2622
0%
Stellihorn 3436
0%
Stereberg 872
0%
Stierbärg 3507
0%
Stockberg 1217 | 1781
0%
Stöcklichrüz 1246
0%
Stoffel 929
0%
Stössenstock 2941
0%
Strahlhorn 3027 | 3201 | 4190
0%
Stübleni 2109
0%
Stucklistock 3313
0%
Sulzfluh 2817
0%
Surenstock 3057
0%
Tablettes 1291
0%
Tällihorn 3447
0%
Tällistock 2861
0%
Tannenberg 820
0%
Tannhorn 2221
0%
Tanzboden 1443
0%
Täschhorn 4491
0%
Testa Grigia 3479
0%
Tête à Pierre Grept 2904
0%
Tête Blanche 3711
0%
Tête de Meilleret 1939
0%
Tête de Milon 3685
0%
Tête de Ran 1422
0%
Tête de Valpelline 3799
0%
Tête du Géant 2233
0%
Tête Ronde 3036
0%
Teurihorn 2973
0%
Teysachaux 1909
0%
Tguma 2163
0%
Theodulhorn 3468
0%
Tiejer Flua 2781
0%
Tieralplistock 3383
0%
Tieregghorn 3072
0%
Tinzenhorn 3173
0%
Tochuhorn 2661
0%
Torent Alto 2956
0%
Torrone di Nav 2832
0%
Tossen 3144
0%
Tour d'Aï 2331
0%
Tour de Boussine 3830
0%
Tour de Don 1999
0%
Tour de Gourze 927
0%
Tournelon Blanc 3700
0%
Tour Noir 3836
0%
Tour Salière 3220
0%
Trifthorn 3395 | 3729
0%
Trinserhorn 3028
0%
Trubelstock 2999
0%
Tsa de l'Ano 3368
0%
Tscheischhorn 3019
0%
Tschimas da Tesch 2871
0%
Tschingel 2326
0%
Tschingelhoren 3555
0%
Tschingellochtighore 2734
0%
Tschuggen 2521
0%
Turbhorn 3246
0%
Turne 2079
0%
Turner 1215
0%
Tweralpspitz 1332
0%
Unter Gabelhorn 3391
0%
Usser Wissberg 3053
0%
Valbellahorn 2764
0%
Valser Horn 2885
0%
Vanil Blanc 1828
0%
Vanil des Artses 1992
0%
Vanil Noir 2389
0%
Vättnerchopf 2617
0%
Verstanclahorn 3297
0%
Vilan 2375
0%
Vogelbärg 3217
0%
Vogelberg 1204
0%
Vogelsberg 703
0%
Vorder Eggstock 2449
0%
Vordere Loner 3048
0%
Vorderes Galmihorn 3507
0%
Vorderes Plattenhorn 3220
0%
Vorder Grauspitz 2600
0%
Vorstegstock 2677
0%
Wachthubel 1414
0%
Walliser Wispile 1982
0%
Wandelen 2104
0%
Wandflue 2134
0%
Wannebärg 661
0%
Wannichnubel 1585
0%
Wasenhorn 3246 | 3447
0%
Wasserflue 866
0%
Wätterlatte 2007
0%
Weissfluh 2843
0%
Wellhorn 3191
0%
Wengahorn 2849
0%
Wenghorn 2591
0%
Wildgärst 2891
0%
Wildi Frau 3274
0%
Wilkethöchi 1172
0%
Winterhorn 2662
0%
Winterstock 3202
0%
Wiriehore 2304
0%
Wiseberg 1001
0%
Wissberg 2627
0%
Wissgandstöckli 2487
0%
Wissigstock 2887
0%
Wistätthore 2362
0%
Witenalpstock 3015
0%
Witenstock 2391
0%
Witteberghore 2350
0%
Wiwannihorn 3000
0%
Wuoschthora 2815
0%
Zahm Andrist 2681
0%
Zapporthorn 3155
0%
Zervreilahorn 2898
0%
Keine übereinstimmenden Quizze gefunden
Verteilung der Resultate
Anzahl Personen mit jedem Resultat
Perzentil nach korrekt beantworteten Fragen
Ihre Resultats-Entwicklung
Sie haben dieses Quiz noch nicht gespielt